Marketing management: written strictly according to syllabus of BBM, 3rd semester of Bangalore University (Record no. 210811)

MARC details
000 -LEADER
fixed length control field 00510nam a2200169Ia 4500
008 - FIXED-LENGTH DATA ELEMENTS--GENERAL INFORMATION
fixed length control field 231221s9999 xx 000 0 und d
020 ## - INTERNATIONAL STANDARD BOOK NUMBER
International Standard Book Number 8127228966
041 ## - LANGUAGE CODE
Language code of text/sound track or separate title English
082 ## - DEWEY DECIMAL CLASSIFICATION NUMBER
Classification number 658.8 SON;11
100 ## - MAIN ENTRY--PERSONAL NAME
Personal name Sontakki, C.N
245 #0 - TITLE STATEMENT
Title Marketing management: written strictly according to syllabus of BBM, 3rd semester of Bangalore University
250 ## - EDITION STATEMENT
Edition statement 2nd rev ed.
260 ## - PUBLICATION, DISTRIBUTION, ETC.
Date of publication, distribution, etc. 2006
Name of publisher, distributor, etc. Kalyani
Place of publication, distribution, etc. Ludhiana
300 ## - PHYSICAL DESCRIPTION
Extent 360
650 ## - SUBJECT ADDED ENTRY--TOPICAL TERM
Topical term or geographic name entry element Marketing,management:,written,strictly,BBM,
942 ## - ADDED ENTRY ELEMENTS (KOHA)
Koha item type Business Management Library
Holdings
Date last seen Total checkouts Full call number Accession number Price effective from Category Lost status Damaged status Department Withdrawn status Home library Current library Shelving location Entry date Vendor Grants Billdate Currency symbol Conversion rate Discount Old discount
26/01/2024   658.8 SON;11 BM1396 26/01/2024 Business Management Library     Central Library   Central Library Central Library Central Library   Publisher   10/03/2014 RS 1    
26/01/2024   658.8 SON;12 BM1492 26/01/2024 Business Management Library     Central Library   Central Library Central Library Central Library     DONATED 29/07/2014 RS 1    
26/01/2024   658.8 SON;13 BM1493 26/01/2024 Business Management Library     Central Library   Central Library Central Library Central Library     DONATED 29/07/2014 RS 1    

© For any Suggestions or Query, please contact the library staff @ librarian@pes.edu or Phone: +9180 2672 1983/ 2108.